LEADER 00754nam a2200181 i 4500 001 000000229503 003 CaOOAMICUS 005 20140512000000.0 008 140512s1812 it u000 u ger u 013 $a208405 026 $aeren e-t. lsn. haAs (3) 1812 (A) 040 $aSeMil$bita 245 10$a2. Theiles erster Band, welcher die Bücher Josua, Richter und Ruth enthält. 300 $a291, [1] p. 773 0 $tBibbia. Antico Testamento$dFrankfurt am Main : Grätz in Commission bey Jos. Miller, 1811-1814.$g2$w()29857 850 $aSeMil 852 $aSeMil$W1$xVenegono$y1$m2V II 18 FA$j179849$B179849$CSeMilBibl$Z2$F190954 $8I 996 $6245$a2. Theiles erster Band, welcher die Bücher Josua, Richter und Ruth enthält$9(OLS)http://semarc/title/328255 LEADER 01021nas a2200253 i 4500 001 000000236327 003 CaOOAMICUS 005 20141201000000.0 008 141201b2000 it uu u0 0ita r 013 $a215231 040 $aSeMil$bita 245 10$aVolume 141. 260 $aMilano :$b[s.n.],$c2000. 300 $a1 v. :$bill. ;$c25 cm. 500 $aManca il fasc. 2. 700 1 $aMuseo Civico di Storia Naturale .$0(OLS)http://semarc/name/1739 710 2 $aSocietà Italiana di Scienze Naturali .$0(OLS)http://semarc/name/30971 773 0 $tAtti della Società italiana di Scienze naturali e del Museo civico di Storia naturale di Milano.$dMilano : [s.n.], 1862.$w()1950 774 0 $t[SENZA TITOLO].$w()282972 850 $aSeMil 852 $aSeMil$W1$xVenegono$y1$m166 4 28/1$j186673$B186673$CSeMilBibl$Z2$F197406 $85 961 $aOmaggio: Gentili don Elio 996 $6245$aVolume 141$9(OLS)http://semarc/title/336801 996 $6260$aMilano :$b[s.n.]$9(OLS)http://semarc/publisher/29709